| 000 | 00527nam a2200169 i 4500 | ||
|---|---|---|---|
| 001 | 73887 | ||
| 003 | ES-MaACL | ||
| 005 | 20230906171942.0 | ||
| 007 | t| | ||
| 008 | 040913s1962 sp ||||1| spa d | ||
| 100 | 1 |
_aGonzález Asenjo, Florencio. _958437 |
|
| 245 | 1 | 3 |
_aEl todo y las partes _b: estudios de ontología formal / _cFlorencio González Asenjo. |
| 260 |
_aMadrid : _bMartínez de Murguía, _c[1962] |
||
| 300 |
_a276 p. ; _c24 cm. |
||
| 852 |
_aES-MaACL _jC-22360 _bR.50799 |
||
| 852 |
_aES-MaACL _jC-39360 _bR.75526 |
||
| 999 |
_c73887 _d73887 |
||